000
00343 a2200157 4500
001
61203
020
_a
8508068883
040
_c
Anchieta - Pituba
100
_a
Pontin, Joel A.
240
1
0
_a
Energia para o século XXI
_l
por
245
1
0
_a
Energia para o século XXI
300
_a
72
362
0
_a
2001
650
4
_a
Petrologia
942
_c
BK
999
_c
61203
_d
61203